000 01131nam a2200253 a 4500
001 collegealgebratr00hart
003 CaSfIA
005 20210117224713.0
007 cr||||
008 870818s1959 xxk | 000 ||und|d
020 _a0669198021
035 _a(UK-BiTAL)90651edca048473286d37cdd916d2f28
035 _a()0669198021
040 _aUK-BiTAL
_cUK-BiTAL
_dUK-BiTAL
_dBIBLIOS
_dCaSfIA
100 1 _aHart, William L.
245 1 0 _aCollege Algebra and Trigonometry.
_h[electronic resource]
260 _bDC Heath,
_c59.
300 _aR8.466. Ill. w.ans.
856 4 1 _uhttp://www.archive.org/details/collegealgebratr00hart
_zFree eBook from the Internet Archive
856 4 2 _uhttp://www.openlibrary.org/books/OL22790302M
_zAdditional information and access via Open Library
942 _cEB
506 _fНеобхідна авторизація на https://archive.org/ (створення облікового запису безкоштовно)
506 _fНеобхідна авторизація на https://openlibrary.org/ (створення облікового запису безкоштовно)
999 _c482176
_d482176